000 00289nam a22001337a 4500
008 170817b xxu||||| |||| 00| 0 eng d
020 _a0654300696
041 _aeng
080 _a51
100 _a36
101 _aMAT
245 _aHARPER ROW MATHEMATICS
_cPAYNE.J.N
942 _2udc
_cBK
999 _c23822
_d23822